000 00270nam a22001337a 4500
008 170727b xxu||||| |||| 00| 0 eng d
020 _a0130039624
041 _aeng
080 _a004
100 _a29
101 _aSHKI
245 _aADA
_cGEHANI, N
942 _2udc
_cBK
999 _c22039
_d22039